000 00453nmm a2200157Ia 4500
008 251105s9999||||xx |||||||||||||||||und||
041 _aspa
100 _aTibón, Gutierre
245 0 _aEl ombligo como centro erótico
264 _a[México D.C., Mexico] :
_bFondo de Cultura Económica,
_c2016
300 _a135 páginas
490 _aPopular
650 _aAnthropology
856 _uhttps://public.digitaliapublishing.com/a/64359
942 _cCF
999 _c100486
_d100486